Philosophie de la culture de la paix / (Record no. 66877)
[ view plain ]
| 000 -LEADER | |
|---|---|
| campo de control de longitud fija | 00811nam a2200253 i 4500 |
| 001 - NÚMERO DE CONTROL | |
| campo de control | 66877 |
| 003 - IDENTIFICADOR DE NÚMERO DE CONTROL | |
| campo de control | ES-MaACL |
| 005 - FECHA Y HORA DE LA ÚLTIMA TRANSACCIÓN | |
| campo de control | 20250302202841.0 |
| 007 - CAMPO FIJO DE DESCRIPCIÓN FÍSICA--INFORMACIÓN GENERAL | |
| campo de control de longitud fija | t| |
| 008 - DATOS DE LONGITUD FIJA--INFORMACIÓN GENERAL | |
| campo de control de longitud fija | 040416s2001 fr ||||1| fre d |
| 020 ## - NÚMERO INTERNACIONAL ESTÁNDAR DEL LIBRO | |
| Número Internacional Estándar del Libro | 2-7475-1888-4 |
| 080 ## - NÚMERO DE LA CLASIFICACIÓN DECIMAL UNIVERSAL | |
| Número de la Clasificación Decimal Universal | 327.36 |
| 100 1# - ENTRADA PRINCIPAL--NOMBRE DE PERSONA | |
| Nombre de persona | Prera Flores, Anaisabel. |
| 9 (RLIN) | 93769 |
| 245 10 - MENCIÓN DEL TÍTULO | |
| Título | Philosophie de la culture de la paix / |
| Mención de responsabilidad, etc. | Anaisabel Prera Flores, Patrice Vermeren ; préface de Federico Mayor. |
| 260 ## - PUBLICACIÓN, DISTRIBUCIÓN, ETC. | |
| Lugar de publicación, distribución, etc. | Paris : |
| Nombre del editor, distribuidor, etc. | L'Harmattan, |
| Fecha de publicación, distribución, etc. | [2001] |
| 300 ## - DESCRIPCIÓN FÍSICA | |
| Extensión | 84 p. ; |
| Dimensiones | 22 cm. |
| 490 1# - MENCIÓN DE SERIE | |
| Mención de serie | La philosophie en commun |
| 650 14 - PUNTO DE ACCESO ADICIONAL DE MATERIA--TÉRMINO DE MATERIA | |
| Término de materia o nombre geográfico como elemento de entrada | Paz. |
| 9 (RLIN) | 15898 |
| 700 1# - ENTRADA AGREGADA--NOMBRE PERSONAL | |
| Nombre de persona | Vermeren, Patrice. |
| 9 (RLIN) | 114152 |
| 700 1# - ENTRADA AGREGADA--NOMBRE PERSONAL | |
| Nombre de persona | Mayor Zaragoza, Federico, |
| Fechas asociadas al nombre | 1934-2024 |
| 9 (RLIN) | 79415 |
| 830 0# - PUNTO DE ACCESO ADICIONAL DE SERIE-TÍTULO UNIFORME | |
| Título uniforme | La philosophie en commun |
| 9 (RLIN) | 226423 |
| 852 ## - LOCALIZACIÓN | |
| Ubicación | ES-MaACL |
| Número de control de estantería | L-27330 |
| Sublocalización o colección | R.132941 |
| Estatus retirado | Estado de pérdida | Estado de daño | No para préstamo | Biblioteca de origen | Biblioteca actual | Ubicación en estantería | Fecha de adquisición | Fuente de adquisición | Total de préstamos | Signatura topográfica completa | Código de barras | Visto por última vez | Precio de reemplazo | Tipo de ítem Koha |
|---|---|---|---|---|---|---|---|---|---|---|---|---|---|---|
| Biblioteca del Ateneo de Madrid | Biblioteca del Ateneo de Madrid | Depósito 2 | 17/01/2008 | L-27330 | 1070046 | 23/02/2023 | 23/02/2023 | Libro impreso |
